Manual of the Audit Department Defence Services (Record no. 482824)

000 -LEADER
fixed length control field 00531cam a22001337a 4500
008 - FIXED-LENGTH DATA ELEMENTS--GENERAL INFORMATION
fixed length control field 180718b1994 xxu||||| |||| 00| 0 eng d
082 ## - DEWEY DECIMAL CLASSIFICATION NUMBER
Classification number N1037x54 In2
245 ## - TITLE STATEMENT
Title Manual of the Audit Department Defence Services
Statement of responsibility, etc. by Director General of Audit, Defence Services
260 ## - PUBLICATION, DISTRIBUTION, ETC.
Place of publication, distribution, etc. New Delhi
Name of publisher, distributor, etc. The Director General of Audit, Defence Services
Date of publication, distribution, etc. 1994
300 ## - PHYSICAL DESCRIPTION
Extent 1 v. in 3 Parts
500 ## - GENERAL NOTE
General note Contents: Pt. A. 241p.;Pt. B and C. 376p.
650 ## - SUBJECT ADDED ENTRY--TOPICAL TERM
Topical term or geographic name entry element Armed forces audit - India
700 ## - ADDED ENTRY--PERSONAL NAME
Personal name India. Director General of Audit, Defence Services
Holdings
Withdrawn status Lost status Damaged status Not for loan Permanent Location Current Location Date acquired Full call number Barcode Date last seen Price effective from Koha item type
        Indian Institute of Public Administration Indian Institute of Public Administration 2018-08-04 N1037x54 In2 GG22301 2018-08-04 2018-08-04 GG
        Indian Institute of Public Administration Indian Institute of Public Administration 2018-08-04 N1037x54 In2 GG22300 2018-08-04 2018-08-04 GG

Powered by Koha